000 00535nam a2200145Ia 4500
041 _aArabic
082 _a345 cut-726 ر
100 _a20260118u\\\\\\\\\\\y0engy0103\\\\ba
100 _aد.احمد محمد الرفاعي
245 0 _aضوابط مشروعية نقل الاعضاء البشرية ( في ضوء مشروع قانون نقل وزرع الاعضاء البشرية المصرية )
250 _aط1
260 _bدار النهضة العربية
_aالقاهرة - مصر
_c2010
300 _a131
942 _cBk
999 _c189084
_d189084